| 000 | 00953cam a22002895a 4500 | ||
|---|---|---|---|
| 001 | 016707526 | ||
| 003 | OSt | ||
| 005 | 20150921112514.0 | ||
| 008 | 140506s2014 enka fr f000 0 eng d | ||
| 020 | _a9780198714811 | ||
| 040 |
_aStDuBDS _beng _cStDuBDS _dEG-ScBUE |
||
| 082 | 0 | 4 |
_a658.816 _222 _bOXF |
| 245 | 0 | 4 |
_aThe Oxford handbook of pricing management / _cedited by Özalp Özer, Robert Phillips. |
| 246 | 3 | 0 | _aHandbook of pricing management |
| 246 | 3 | 0 | _aPricing management |
| 260 |
_aOxford : _bOxford University Press, _c2014. |
||
| 300 |
_axxiv, 952 p. : _bill. ; _c25 cm. |
||
| 490 | 0 | _aOxford handbooks in finance | |
| 500 | _aIndex : p. 921-952. | ||
| 504 | _aIncludes bibliographical references. | ||
| 650 | 0 |
_aPricing. _2BUEsh _932692 |
|
| 651 | _2BUEsh | ||
| 653 |
_bBUSADM _cJune2015 _cSeptember2015 |
||
| 700 | 1 |
_aÖzer, Özalp, _d1974- _eeditor. |
|
| 700 | 1 |
_aPhillips, Robert L. _q(Robert Lewis), _d1955- _eeditor. |
|
| 942 | _2ddc | ||
| 999 |
_c19904 _d19876 |
||